[Event "ch-GER w"]
[Site "Bonn GER"]
[Date "2011.05.31"]
[Round "6.3"]
[White "Lopatin, Olga"]
[Black "Vogel, Heike"]
[Result "0-1"]
[WhiteTitle "WFM"]
[BlackTitle "WFM"]
[WhiteElo "2125"]
[BlackElo "2122"]
[WhiteFideId "4640721"]
[BlackFideId "4683137"]
[EventDate "2011.05.26"]

1. Nf3 Nf6 2. g3 d5 3. b3 Bf5 4. Bb2 Nc6 5. Bg2 Qd7 6. c4 d4 7. d3 e5 8. O-O Bh3
9. a3 h5 10. Bxh3 Qxh3 11. Ng5 Qd7 12. h4 Ng4 13. Kg2 Be7 14. Bc1 f6 15. Nf3 g5
16. Rh1 O-O-O 17. Nbd2 gxh4 18. Nxh4 Rdg8 19. Nf1 f5 20. Ra2 f4 21. b4 Bxh4 22.
Rxh4 Qe7 23. Rh3 h4 24. e4 dxe3 25. fxe3 fxg3 26. Nxg3 Nf6 27. Qh1 Qg7 28. Rf2
Nh5 29. Qd1 Nxg3 30. Kh2 Nd8 31. e4 Ne6 32. Be3 Nf4 33. Bxf4 exf4 34. Qe1 Qe5
35. Rf3 Rg4 0-1

[Event "ch-GER w"]
[Site "Bonn GER"]
[Date "2011.05.31"]
[Round "6.4"]
[White "Freter, Anke"]
[Black "Schulz, Stefanie"]
[Result "0-1"]
[BlackTitle "WFM"]
[WhiteElo "1954"]
[BlackElo "2082"]
[WhiteFideId "4638727"]
[BlackFideId "4693060"]
[EventDate "2011.05.26"]

1. e4 c5 2. Nf3 Nc6 3. Nc3 g6 4. d4 cxd4 5. Nxd4 Bg7 6. Be3 d6 7. Qd2 Nf6 8. f3
O-O 9. O-O-O Nxd4 10. Bxd4 Qa5 11. Kb1 Qd8 12. g4 Bd7 13. h4 e5 14. Be3 Ne8 15.
h5 Be6 16. Bh6 Bxh6 17. Qxh6 g5 18. Nd5 f6 19. Bc4 Rf7 20. Bb3 Kh8 21. Rd3 Bxd5
22. Bxd5 Qd7 23. Bxf7 Qxf7 24. Rhd1 Qe7 25. c4 Rc8 26. Rc3 b6 27. b4 Kg8 28. Kb2
d5 29. cxd5 Qxb4+ 30. Rb3 Qc4 31. Rb1 Qe2+ 32. Ka1 Rc2 33. R1b2 Qd1+ 34. Rb1
Qd4+ 35. R3b2 a5 36. d6 Rxb2 37. Rxb2 a4 38. a3 Qxd6 39. Rb4 Qd1+ 40. Ka2 Qe2+
41. Rb2 Qc4+ 42. Kb1 b5 43. Rb4 Qe2 44. Kc1 Qxf3 45. Kd2 Nd6 46. Kc2 Nf7 0-1

[Event "ch-GER w"]
[Site "Bonn GER"]
[Date "2011.05.31"]
[Round "6.5"]
[White "Mass, Elvira"]
[Black "Reiter, Brigitte"]
[Result "1-0"]
[WhiteElo "1970"]
[BlackElo "1863"]
[WhiteFideId "4695623"]
[BlackFideId "4608534"]
[EventDate "2011.05.26"]

1. e4 c6 2. d4 d5 3. e5 c5 4. c4 cxd4 5. Nf3 Bg4 6. cxd5 Qxd5 7. Qxd4 Bxf3 8.
Qa4+ Nc6 9. gxf3 Qxe5+ 10. Be2 Qa5+ 11. Qxa5 Nxa5 12. Be3 e6 13. O-O Nf6 14.
Bb5+ Nc6 15. Rc1 Rc8 16. Bxa7 Be7 17. Bxc6+ Rxc6 18. Rxc6 bxc6 19. Nc3 Nd5 20.
Ne4 Kd7 21. Bd4 Ra8 22. Kf1 g6 23. a3 Ra4 24. Nc5+ Bxc5 25. Bxc5 e5 26. Ke2 Rc4
27. b4 Rc3 28. a4 Rb3 29. a5 Kc7 30. a6 Kb8 31. a7+ Ka8 32. Ra6 Nc3+ 33. Kd2 Nb5
34. Rxc6 Nxa7 35. Ra6 Rxf3 36. Rxa7+ Kb8 37. b5 e4 38. b6 Rd3+ 39. Ke2 f5 40.
Be3 1-0

[Event "ch-GER w"]
[Site "Bonn GER"]
[Date "2011.05.31"]
[Round "6.7"]
[White "Aden, Dagmar"]
[Black "Kohls, Vera"]
[Result "1/2-1/2"]
[WhiteElo "1817"]
[BlackElo "1878"]
[WhiteFideId "24691461"]
[BlackFideId "24612839"]
[EventDate "2011.05.26"]

1. e4 e6 2. b3 b6 3. Bb2 Bb7 4. Nc3 Nf6 5. e5 Nd5 6. Nxd5 Bxd5 7. Nf3 h6 8. Be2
Be7 9. O-O c5 10. c4 Be4 1/2-1/2

[Event "ch-GER w"]
[Site "Bonn GER"]
[Date "2011.06.01"]
[Round "7.1"]
[White "Frey, Alisa"]
[Black "Mass, Elvira"]
[Result "1-0"]
[WhiteElo "2059"]
[BlackElo "1970"]
[WhiteFideId "24634662"]
[BlackFideId "4695623"]
[EventDate "2011.05.26"]

1. e4 e6 2. d4 d5 3. Nc3 Bb4 4. e5 c5 5. a3 Ba5 6. b4 cxd4 7. Nb5 Bc7 8. f4 Bd7
9. Nxc7+ Qxc7 10. Bb2 Ne7 11. Nf3 Nf5 12. Bd3 O-O 13. Nxd4 Nc6 14. Nxf5 exf5 15.
O-O Qb6+ 16. Kh1 Be6 17. Qh5 Ne7 18. Rf3 d4 19. Raf1 Kh8 20. Qg5 Nd5 21. Rg3 Rg8
22. Rh3 Qd8 23. Rxh7+ 1-0

[Event "ch-GER w"]
[Site "Bonn GER"]
[Date "2011.06.01"]
[Round "7.2"]
[White "Schmidt, Jade"]
[Black "Hoolt, Sarah"]
[Result "0-1"]
[BlackTitle "WIM"]
[WhiteElo "2075"]
[BlackElo "2312"]
[WhiteFideId "24630500"]
[BlackFideId "24606812"]
[EventDate "2011.05.26"]

1. d4 Nf6 2. c4 g6 3. Nc3 d5 4. cxd5 Nxd5 5. Bd2 Bg7 6. e4 Nxc3 7. Bxc3 O-O 8.
Nf3 Bg4 9. Be2 Nd7 10. O-O c5 11. d5 Bxc3 12. bxc3 Bxf3 13. Bxf3 b5 14. Be2 Qb6
15. Rb1 a6 16. Qd2 Rab8 17. Rb2 Qd6 18. Rfb1 Nb6 19. f4 e5 20. dxe6 Qxe6 21. Qe3
Rfe8 22. e5 Rbd8 23. Qxc5 Na4 24. Qf2 Nxb2 25. Rxb2 Qd5 26. Rc2 Qe4 27. Rb2 Rc8
28. Qd4 Qc6 29. Rc2 Red8 30. Qe3 Qc5 31. Kf2 Rd5 32. Bf3 Rd3 33. Qxc5 Rxc5 34.
Bb7 Rdxc3 35. Rxc3 Rxc3 36. Bxa6 Rc2+ 37. Kf3 b4 0-1

[Event "ch-GER w"]
[Site "Bonn GER"]
[Date "2011.06.01"]
[Round "7.3"]
[White "Vogel, Heike"]
[Black "Schulz, Stefanie"]
[Result "1-0"]
[WhiteTitle "WFM"]
[BlackTitle "WFM"]
[WhiteElo "2122"]
[BlackElo "2082"]
[WhiteFideId "4683137"]
[BlackFideId "4693060"]
[EventDate "2011.05.26"]

1. d4 d5 2. Bf4 Nf6 3. e3 c5 4. Nf3 Nc6 5. Be2 e6 6. O-O Be7 7. Ne5 O-O 8. c3
Bd6 9. Bg3 Ne4 10. f4 Qb6 11. Nd2 Nxg3 12. hxg3 f6 13. Nxc6 bxc6 14. Qc2 Bd7 15.
Bd3 h6 16. Nf3 cxd4 17. cxd4 c5 18. Nh4 Rfc8 19. Bh7+ Kh8 20. Ng6+ Kxh7 21. Nf8+
Kg8 22. Nxd7 Qc7 23. Nxc5 Bxc5 24. dxc5 Qxc5 25. Qd2 Qc2 26. Rf2 Qxd2 27. Rxd2
f5 28. Kf2 Kf7 29. Kf3 h5 30. Rh1 g6 31. Rb1 Ke7 32. Ke2 Kd6 33. Rbd1 Rab8 34.
b3 Rb6 35. Rd4 Rc2+ 36. R1d2 Rxd2+ 37. Kxd2 Ra6 38. a4 Rc6 39. Rb4 e5 40. Rb7 1-0

[Event "ch-GER w"]
[Site "Bonn GER"]
[Date "2011.06.01"]
[Round "7.4"]
[White "Klek, Hanna-Marie"]
[Black "Ries, Jutta"]
[Result "1-0"]
[WhiteElo "2147"]
[BlackElo "1987"]
[WhiteFideId "24670057"]
[BlackFideId "24674290"]
[EventDate "2011.05.26"]

1. e4 Nf6 2. e5 Nd5 3. d4 e6 4. c4 Nb6 5. Be3 d5 6. c5 N6d7 7. Nc3 b6 8. b4 Be7
9. a3 c6 10. Qg4 Bf8 11. h4 a5 12. Rc1 axb4 13. axb4 bxc5 14. bxc5 Na6 15. Nh3
f5 16. Qg3 Nb4 17. Ng5 Na2 18. Nxa2 Rxa2 19. Bd2 Nb8 20. Nxh7 Rxd2 21. Qg6+ Kd7
22. Nxf8+ Rxf8 23. Qxg7+ Ke8 24. Qg6+ Rf7 25. Kxd2 Qa5+ 26. Ke3 f4+ 27. Kf3 Qa3+
28. Bd3 Ba6 29. Rcd1 Ke7 30. Rd2 Nd7 31. Ke2 Bc4 32. Rh3 Qb4 33. Bxc4 dxc4 34.
Qc2 f3+ 35. Rxf3 Rxf3 36. Kxf3 Qb8 37. Qh7+ Ke8 38. Qg6+ Ke7 39. Qg5+ Ke8 40.
Qe3 Ke7 41. g4 Qf8+ 42. Kg3 1-0

[Event "ch-GER w"]
[Site "Bonn GER"]
[Date "2011.06.01"]
[Round "7.5"]
[White "Leveikina, Jevgenija"]
[Black "Lopatin, Olga"]
[Result "1/2-1/2"]
[BlackTitle "WFM"]
[WhiteElo "2100"]
[BlackElo "2125"]
[WhiteFideId "4682157"]
[BlackFideId "4640721"]
[EventDate "2011.05.26"]

1. e4 b6 2. d4 Bb7 3. Nc3 e6 4. a3 c5 5. Nf3 cxd4 6. Nxd4 Nc6 7. Be3 Nf6 8. f3
Be7 9. Be2 O-O 10. O-O Rc8 11. Nxc6 dxc6 12. Qe1 Qc7 13. Qf2 c5 14. Nb5 Qb8 15.
a4 a6 16. Na3 a5 17. Nc4 Bc6 18. b3 Rcd8 19. Rad1 Rxd1 20. Rxd1 Rd8 21. Rxd8+
Bxd8 1/2-1/2

[Event "ch-GER w"]
[Site "Bonn GER"]
[Date "2011.06.01"]
[Round "7.6"]
[White "Aden, Dagmar"]
[Black "Freter, Anke"]
[Result "1/2-1/2"]
[WhiteElo "1817"]
[BlackElo "1954"]
[WhiteFideId "24691461"]
[BlackFideId "4638727"]
[EventDate "2011.05.26"]

1. e4 c5 2. c3 d5 3. exd5 Qxd5 4. d4 e6 5. Nf3 Nf6 6. Be2 Be7 7. Na3 a6 8. Nc4
Nbd7 9. O-O b5 10. Nce5 cxd4 11. Nxf7 O-O 12. N7g5 h6 13. Nh3 dxc3 14. bxc3 e5
15. Qc2 Nc5 16. c4 Qe4 17. Qxe4 Nfxe4 18. Bb2 Bxh3 19. gxh3 Rae8 20. cxb5 axb5
21. Bxe5 Ng5 22. Nxg5 Bxg5 23. Bd6 Rxe2 24. Bxc5 Rc8 25. Bd4 Rc4 26. Rfd1 Bh4
27. Kg2 b4 28. Kf3 Rcc2 29. Rf1 Rxa2 30. Rab1 Be7 31. Rg1 g5 32. h4 Kf7 33. hxg5
hxg5 34. Be3 Rec2 35. Bxg5 Rxf2+ 36. Ke4 Rxh2 37. Bxe7 Kxe7 38. Rg4 Kd6 1/2-1/2

[Event "ch-GER w"]
[Site "Bonn GER"]
[Date "2011.06.02"]
[Round "8.1"]
[White "Frey, Alisa"]
[Black "Klek, Hanna-Marie"]
[Result "0-1"]
[WhiteElo "2059"]
[BlackElo "2147"]
[WhiteFideId "24634662"]
[BlackFideId "24670057"]
[EventDate "2011.05.26"]

1. d4 g6 2. c4 Bg7 3. e4 d6 4. Nc3 Nf6 5. Nf3 O-O 6. Be2 Bg4 7. Be3 Nfd7 8. h3
Bxf3 9. Bxf3 Nc6 10. O-O e5 11. d5 Nd4 12. Nb5 Nxf3+ 13. Qxf3 f5 14. b4 a6 15.
Nc3 Qh4 16. Rac1 b6 17. Qg3 Qe7 18. Bd2 a5 19. a3 axb4 20. axb4 Ra3 21. Ra1 Rfa8
22. Rxa3 Rxa3 23. Qd3 fxe4 24. Qxe4 Nf6 25. Qc2 Qd7 26. Qb2 Ra6 27. Bg5 Ne8 28.
Ra1 Qc8 29. Rxa6 Qxa6 30. Qa2 Qxa2 31. Nxa2 Bf6 32. h4 Kg7 33. Nc3 h6 34. Bxf6+
Kxf6 35. g4 e4 36. Kg2 Ke5 37. Ne2 b5 38. cxb5 Nf6 39. f4+ exf3+ 40. Kxf3 Nxd5
41. Ng3 Nxb4 42. h5 gxh5 43. Nxh5 Nc2 44. Ng3 Nd4+ 45. Ke3 d5 46. Kd3 Nxb5 47.
Nf5 h5 48. Nh6 h4 49. g5 h3 50. g6 Kf6 0-1

[Event "ch-GER w"]
[Site "Bonn GER"]
[Date "2011.06.02"]
[Round "8.2"]
[White "Hoolt, Sarah"]
[Black "Mass, Elvira"]
[Result "1-0"]
[WhiteTitle "WIM"]
[WhiteElo "2312"]
[BlackElo "1970"]
[WhiteFideId "24606812"]
[BlackFideId "4695623"]
[EventDate "2011.05.26"]

1. e4 e6 2. d4 d5 3. Nc3 Bb4 4. exd5 exd5 5. Bd3 Nf6 6. Ne2 O-O 7. O-O c6 8. Ng3
Re8 9. Nh5 Nbd7 10. Bg5 h6 11. Nxf6+ Nxf6 12. Bh4 Be7 13. Re1 Bg4 14. f3 Be6 15.
Ne2 Nh5 16. Bxe7 Qxe7 17. Qd2 Qd7 18. Nf4 Nxf4 19. Qxf4 Rad8 20. Re2 Qd6 21. Qh4
Qe7 22. Qh5 Qg5 23. Qxg5 hxg5 24. Rae1 Bd7 25. Rxe8+ Rxe8 26. Rxe8+ Bxe8 27. Bf5
Kf8 28. b4 Ke7 29. Kf2 Bd7 30. Bd3 Kd6 31. Ke3 b6 32. c3 c5 33. f4 gxf4+ 34.
Kxf4 a5 35. dxc5+ bxc5 36. bxa5 c4 37. Bc2 g5+ 38. Kxg5 Ke5 39. g3 d4 40. cxd4+
Kxd4 41. a6 Bc6 42. a7 Ke5 43. h4 f6+ 44. Kg6 Be8+ 45. Kg7 Bc6 46. h5 1-0

[Event "ch-GER w"]
[Site "Bonn GER"]
[Date "2011.06.02"]
[Round "8.4"]
[White "Schulz, Stefanie"]
[Black "Schmidt, Jade"]
[Result "0-1"]
[WhiteTitle "WFM"]
[WhiteElo "2082"]
[BlackElo "2075"]
[WhiteFideId "4693060"]
[BlackFideId "24630500"]
[EventDate "2011.05.26"]

1. e4 e6 2. d4 c5 3. Nf3 cxd4 4. Nxd4 Nf6 5. Bd3 Qb6 6. Nb3 Nc6 7. Be3 Qc7 8.
O-O d6 9. Nc3 Be7 10. a4 Bd7 11. Nb5 Qb8 12. c4 a6 13. Nc3 b6 14. Be2 Qc7 15.
Nd4 Nxd4 16. Qxd4 Rb8 17. Rfc1 O-O 18. Qd2 Rfd8 19. f3 Bc8 20. Qc2 Rd7 21. Qb3
Rd8 22. Na2 Nd7 23. Qc2 Bf6 24. Rab1 Bb7 25. Qd1 a5 26. Nc3 Bxc3 27. Rxc3 Nc5
28. b4 axb4 29. Rxb4 Ra8 30. Qa1 Bc6 31. Ra3 Ra5 32. Bd1 Rda8 33. h3 h6 34. Kh1
R5a6 35. Qb2 Qa7 36. Qd2 Qd7 0-1

[Event "ch-GER w"]
[Site "Bonn GER"]
[Date "2011.06.02"]
[Round "8.5"]
[White "Kohls, Vera"]
[Black "Leveikina, Jevgenija"]
[Result "0-1"]
[WhiteElo "1878"]
[BlackElo "2100"]
[WhiteFideId "24612839"]
[BlackFideId "4682157"]
[EventDate "2011.05.26"]

1. d4 c6 2. Nf3 d5 3. c3 Nf6 4. Bf4 Bf5 5. e3 e6 6. Nbd2 Nbd7 7. Be2 Be7 8. Ne5
Nxe5 9. Bxe5 Nd7 10. Bg3 Qb6 11. b4 a5 12. a3 O-O 13. O-O Ra7 14. Nb3 axb4 15.
axb4 Rfa8 16. Rxa7 Qxa7 17. f4 b6 18. Qa1 Qa2 19. Rc1 Ra3 20. Bd1 Be4 21. Qxa2
Rxa2 22. Be1 Rxg2+ 23. Kf1 Ra2 24. Bg3 Bd3+ 25. Kg1 Bc4 26. Na1 Nf6 27. Bh4 Kf8
28. Bf3 Ne8 29. Bg3 Nd6 30. Nc2 Nb5 31. Be1 Bd6 32. Kg2 Na3 33. Bd1 Bb3 34. Ra1
Rxa1 0-1

[Event "ch-GER w"]
[Site "Bonn GER"]
[Date "2011.06.02"]
[Round "8.7"]
[White "Ries, Jutta"]
[Black "Aden, Dagmar"]
[Result "1-0"]
[WhiteElo "1987"]
[BlackElo "1817"]
[WhiteFideId "24674290"]
[BlackFideId "24691461"]
[EventDate "2011.05.26"]

1. f4 Nf6 2. Nf3 g6 3. e3 Bg7 4. b3 c5 5. Bb2 O-O 6. Be2 d6 7. O-O Nc6 8. c4 Bf5
9. d3 Ng4 10. Bxg7 Kxg7 11. Qd2 Qb6 12. h3 Nh6 13. Nc3 Qb4 14. Qb2 Kg8 15. e4
Bd7 16. g4 f6 17. Rae1 Qa5 18. Nd5 Rae8 19. f5 Ne5 20. d4 Nxf3+ 21. Bxf3 cxd4
22. b4 Qd8 23. Qxd4 e6 24. fxe6 Bxe6 25. Qxa7 Bxd5 26. exd5 Qc7 27. Qd4 Re5 28.
Rxe5 fxe5 29. Qe3 Rf4 30. Be2 g5 31. a4 Qd7 32. b5 Nf7 33. Rf2 Qc7 34. Qa7 Nh8
35. a5 Rxf2 36. Kxf2 Qf7+ 37. Ke1 Qf4 38. Qb8+ Kg7 39. Qxb7+ Nf7 40. Qa7 Qc1+
41. Kf2 Qf4+ 42. Kg2 Qe4+ 43. Kf1 Qh1+ 44. Qg1 Qxh3+ 45. Kf2 Qc3 46. a6 Qa3 47.
Qg3 Qa5 48. Qe3 h6 49. c5 dxc5 50. Qxc5 Qd2 51. a7 Qf4+ 52. Kg2 Qe4+ 53. Bf3 Qa4
54. b6 e4 55. Be2 Qa2 56. Qc4 Qa3 57. Qa6 1-0

[Event "ch-GER w"]
[Site "Bonn GER"]
[Date "2011.06.03"]
[Round "9.2"]
[White "Leveikina, Jevgenija"]
[Black "Frey, Alisa"]
[Result "0-1"]
[WhiteElo "2100"]
[BlackElo "2059"]
[WhiteFideId "4682157"]
[BlackFideId "24634662"]
[EventDate "2011.05.26"]

1. c4 e5 2. g3 Nf6 3. Bg2 d5 4. cxd5 Nxd5 5. Nc3 Nb6 6. Nf3 Nc6 7. O-O Be7 8. d3
O-O 9. a3 f6 10. b4 Be6 11. Bb2 a5 12. b5 Nd4 13. Nxd4 exd4 14. Ne4 a4 15. Nd2
Ra5 16. Nf3 Bc5 17. Rc1 Rxb5 18. Rxc5 Rxc5 19. Bxd4 Bb3 20. Qe1 Rc2 21. Be3 Nd5
22. Bd2 c5 23. Qa1 Nc7 24. Rc1 Ra2 25. Qb1 b6 26. d4 cxd4 27. Bb4 Re8 28. Nd2
Bf7 29. Ne4 Nb5 30. Rd1 Bb3 31. Rd3 Nxa3 32. Qc1 Nc2 33. Rxb3 axb3 0-1

[Event "ch-GER w"]
[Site "Bonn GER"]
[Date "2011.06.03"]
[Round "9.3"]
[White "Vogel, Heike"]
[Black "Freter, Anke"]
[Result "1/2-1/2"]
[WhiteTitle "WFM"]
[WhiteElo "2122"]
[BlackElo "1954"]
[WhiteFideId "4683137"]
[BlackFideId "4638727"]
[EventDate "2011.05.26"]

1. d4 f5 2. g4 fxg4 3. h3 d5 4. hxg4 Bxg4 5. Qd3 Nf6 6. Nf3 Bxf3 7. Qxf3 Nc6 8.
c3 e5 9. Bg5 exd4 10. cxd4 Bb4+ 11. Nc3 Qe7 12. Bxf6 Qxf6 13. Qxf6 gxf6 14.
O-O-O Bxc3 15. bxc3 h5 16. Bg2 Ne7 17. Rd3 c6 18. Rdh3 Kf7 19. Bf3 h4 20. Rxh4
Rxh4 21. Rxh4 Kg6 22. Kc2 f5 23. Kd3 b5 24. Rh1 a5 25. Rb1 a4 26. Rg1+ Kf6 27.
e3 Rh8 28. Rh1 Rxh1 29. Bxh1 Nc8 30. Bg2 1/2-1/2

[Event "ch-GER w"]
[Site "Bonn GER"]
[Date "2011.06.03"]
[Round "9.4"]
[White "Schmidt, Jade"]
[Black "Kohls, Vera"]
[Result "1-0"]
[WhiteElo "2075"]
[BlackElo "1878"]
[WhiteFideId "24630500"]
[BlackFideId "24612839"]
[EventDate "2011.05.26"]

1. d4 e6 2. c4 b6 3. Nc3 Bb7 4. e4 Bb4 5. Qc2 Qh4 6. Bd3 f5 7. g3 Qe7 8. f3
Bxc3+ 9. bxc3 Nc6 10. Ne2 fxe4 11. fxe4 e5 12. a3 Nf6 13. O-O O-O 14. Bg5 h6 15.
Bxf6 Rxf6 16. Rxf6 Qxf6 17. Rf1 Qe7 18. c5 Na5 19. Qa2+ Kh8 20. cxb6 axb6 21.
Qf7 Re8 22. Qxe7 Rxe7 23. Rf8+ Kh7 24. d5 Nb3 25. Kf2 Nc5 26. Nc1 d6 27. Ke3 Nd7
28. Rf2 Kg8 29. Nb3 Nf6 30. Be2 Bc8 31. a4 Bg4 32. Kd3 Bxe2+ 33. Rxe2 Re8 34. a5
bxa5 35. Nxa5 Ra8 36. Nc6 Ra4 37. Nd8 Ra8 38. Ne6 Rc8 39. Rb2 c6 40. c4 cxd5 41.
exd5 Ra8 42. Rb7 Ra3+ 43. Ke2 Ra2+ 44. Kf3 Ra3+ 45. Kg2 Ra2+ 46. Kf3 Ra3+ 47.
Ke2 Ra2+ 48. Kd3 Ra3+ 49. Kc2 Ne4 50. Rxg7+ Kh8 51. Kb2 Rd3 52. Rg4 Rd2+ 53. Ka3
Re2 54. Nc7 h5 55. Rh4 Nf6 56. Nb5 Re4 57. Nxd6 Rxh4 58. gxh4 e4 59. Kb3 e3 60.
Kc2 Kg8 61. Kd3 Ng4 62. h3 Nf6 63. Kxe3 Kf8 64. Kd4 Ke7 65. c5 Nd7 66. Nf5+ Kf6
67. c6 Nb6 68. d6 Nc8 1-0

[Event "ch-GER w"]
[Site "Bonn GER"]
[Date "2011.06.03"]
[Round "9.5"]
[White "Aden, Dagmar"]
[Black "Lopatin, Olga"]
[Result "1-0"]
[BlackTitle "WFM"]
[WhiteElo "1817"]
[BlackElo "2125"]
[WhiteFideId "24691461"]
[BlackFideId "4640721"]
[EventDate "2011.05.26"]

1. e4 c5 2. c3 Nf6 3. e5 Nd5 4. d4 cxd4 5. cxd4 Qc7 6. Nf3 e6 7. Bd2 d6 8. Nc3
Nxc3 9. Bxc3 d5 10. Rc1 Qd8 11. Bd3 Nc6 12. O-O Be7 13. Qc2 h5 14. Nd2 O-O 15.
f4 Bd7 16. Qd1 g6 17. Rf3 Kg7 18. Rg3 Rh8 19. Qc2 Be8 20. Rf1 Rc8 21. Qd1 Qb6
22. Nb3 Bb4 23. f5 Bxc3 24. bxc3 Nxe5 25. fxg6 fxg6 26. Kh1 Nd7 27. Qe1 Qd6 28.
Re3 Nf8 29. Nc5 Bf7 30. Qf2 Qe7 31. Rf3 Rc7 32. Qg3 Be8 33. Qe5+ Kh7 34. Qxh5+
Kg7 35. Qe5+ Kg8 36. Rxf8+ Qxf8 37. Rxf8+ Kxf8 38. Qxh8+ Ke7 39. Qg7+ Bf7 40.
Bxg6 1-0

[Event "ch-GER w"]
[Site "Bonn GER"]
[Date "2011.06.03"]
[Round "9.6"]
[White "Mass, Elvira"]
[Black "Ries, Jutta"]
[Result "0-1"]
[WhiteElo "1970"]
[BlackElo "1987"]
[WhiteFideId "4695623"]
[BlackFideId "24674290"]
[EventDate "2011.05.26"]

1. e4 Nf6 2. e5 Nd5 3. d4 d6 4. c4 Nb6 5. exd6 exd6 6. Nc3 Be7 7. Bd3 O-O 8.
Nge2 Nc6 9. O-O Bf6 10. Be3 Nb4 11. b3 Nxd3 12. Qxd3 Re8 13. Rac1 Bg5 14. f4 Bf6
15. Ng3 c6 16. Rfe1 d5 17. c5 Nd7 18. Nf5 Nxc5 19. dxc5 Bxf5 20. Qxf5 d4 21.
Rcd1 Qc8 22. Qd3 dxc3 23. Bd4 Rxe1+ 24. Rxe1 Qd7 25. Rd1 Rd8 26. Kf1 Qxd4 27.
Qxd4 Rxd4 28. Rxd4 Bxd4 29. Ke2 Bxc5 0-1

[Event "ch-GER w"]
[Site "Bonn GER"]
[Date "2011.06.03"]
[Round "9.7"]
[White "Reiter, Brigitte"]
[Black "Schulz, Stefanie"]
[Result "0-1"]
[BlackTitle "WFM"]
[WhiteElo "1863"]
[BlackElo "2082"]
[WhiteFideId "4608534"]
[BlackFideId "4693060"]
[EventDate "2011.05.26"]

1. d4 d5 2. Nf3 Nf6 3. Bf4 Bf5 4. Nbd2 e6 5. e3 c5 6. c3 Nc6 7. Bb5 Nd7 8. Qa4
Qb6 9. Ne5 Ndxe5 10. Bxe5 f6 11. Bg3 Kf7 12. Nf3 Rc8 13. O-O a6 14. Bxc6 Qxc6
15. Qd1 Qb6 16. Qd2 g5 17. dxc5 Bxc5 18. Nd4 Bg6 19. Nb3 Be7 20. Qd4 Qb5 21. f4
g4 22. Qd2 Be4 23. Nd4 Qd7 24. f5 e5 25. Nb3 Bxf5 26. Bxe5 Kg6 27. Bd4 Be4 28.
Nc1 h5 29. Ne2 h4 30. Rf4 Rh7 31. Raf1 f5 32. Nc1 Bd6 33. Qf2 Bxf4 34. Qxf4 Re8
35. Ne2 Bd3 36. Qf2 Bxe2 37. Qxe2 Re4 38. Rc1 Qe6 39. Qf2 b5 40. b3 h3 41. g3
Rc7 42. Rf1 Qc8 43. Qd2 Rc6 44. Qd1 a5 45. Qd2 b4 46. Rc1 Re7 47. Qd3 bxc3 48.
Rc2 Qe6 49. Qb5 Rec7 50. Qe2 Qe4 51. Qd1 Re7 52. Qc1 Qd3 53. Kf2 Rec7 54. Re2 c2
55. Rd2 Qe4 56. Kg1 Rc3 57. Bxc3 Rxc3 58. Re2 Rxe3 0-1